Biología y fisiología celular / (Record no. 33466)

MARC details
000 -LEADER
campo de control de longitud fija 00689nam a2200193 i 4500
001 - NÚMERO DE CONTROL
campo de control 33466
003 - IDENTIFICADOR DE NÚMERO DE CONTROL
campo de control ES-MaACL
005 - FECHA Y HORA DE LA ÚLTIMA TRANSACCIÓN
campo de control 20230906154749.0
007 - CAMPO FIJO DE DESCRIPCIÓN FÍSICA--INFORMACIÓN GENERAL
campo de control de longitud fija t|
008 - DATOS DE LONGITUD FIJA--INFORMACIÓN GENERAL
campo de control de longitud fija 030202s1981 sp ||||1| spa d
245 00 - MENCIÓN DEL TÍTULO
Título Biología y fisiología celular /
Mención de responsabilidad, etc. André Berkaloff... [et al.] ; [traducido por Juan Serratosa].
260 ## - PUBLICACIÓN, DISTRIBUCIÓN, ETC.
Lugar de publicación, distribución, etc. Barcelona :
Nombre del editor, distribuidor, etc. Omega,
Fecha de publicación, distribución, etc. [1981]
300 ## - DESCRIPCIÓN FÍSICA
Extensión 2 v. :
Otras características físicas il. ;
Dimensiones 26 cm.
505 8# - NOTA DE CONTENIDO CON FORMATO
Nota de contenido con formato Contiene: V. I: Membrana plasmática. -- V. II: Aparato de Golgi, lisosomas, mitocandrios, células y virus.
650 #4 - PUNTO DE ACCESO ADICIONAL DE MATERIA--TÉRMINO DE MATERIA
Término de materia o nombre geográfico como elemento de entrada Aparato de Golgi.
9 (RLIN) 159192
700 1# - ENTRADA AGREGADA--NOMBRE PERSONAL
Nombre de persona Berkaloff, André.
9 (RLIN) 28041
700 1# - ENTRADA AGREGADA--NOMBRE PERSONAL
Nombre de persona Serratosa, Juan.
9 (RLIN) 105825
852 ## - LOCALIZACIÓN
Ubicación ES-MaACL
Número de control de estantería L-3269-70
Sublocalización o colección R.104157
Holdings
Estatus retirado Estado de pérdida Estado de daño No para préstamo Biblioteca de origen Biblioteca actual Ubicación en estantería Fecha de adquisición Fuente de adquisición Total de préstamos Signatura topográfica completa Código de barras Visto por última vez Precio de reemplazo Tipo de ítem Koha
        Biblioteca del Ateneo de Madrid Biblioteca del Ateneo de Madrid Depósito 2 17/01/2008     L-3269-70 1034819 23/02/2023 23/02/2023 Libro impreso